LIBRARY & INFORMATION CENTRE, KCAET, TAVANUR

ONLINE PUBLIC ACCESS CATALOGUE (OPAC)

Concepts in integrated pest management / (Record no. 1720)

MARC details
000 -LEADER
fixed length control field 00431cam a2200169ua 4500
041 ## - LANGUAGE CODE
Language code of text/sound track or separate title eng
082 ## - DEWEY DECIMAL CLASSIFICATION NUMBER
Classification number 632.9
Item number NOR/CO
100 ## - MAIN ENTRY--AUTHOR NAME
Personal name Norris, Rebent.F .
245 ## - TITLE STATEMENT
Title Concepts in integrated pest management /
260 ## - PUBLICATION, DISTRIBUTION, ETC. (IMPRINT)
Place of publication India :
Name of publisher Prentice Hall Inc ,
Year of publication 2002.
300 ## - PHYSICAL DESCRIPTION
Number of Pages 588 ; .
942 ## - ADDED ENTRY ELEMENTS (KOHA)
Koha item type Books
Holdings
Withdrawn status Lost status Damaged status Home library Current library Date acquired Full call number Accession Number Koha item type
      KAUAET KAUAET 07/04/2012 632.9 20755 Books
free website counter